| 000 | 004360000a22001810004500 | ||
|---|---|---|---|
| 003 | MACL | ||
| 005 | 20150804160901.0 | ||
| 008 | 150804b xxu||||| |||| 00| 0 eng d | ||
| 040 |
_aMACL _cMACL |
||
| 041 | _aEnglish | ||
| 082 | _a370 | ||
| 100 |
_aDevrajan, G _94710 |
||
| 245 | _aLibraries In Distance Education | ||
| 260 |
_bEss Ess Publications _aDelhi _c1979 |
||
| 350 | _a200 | ||
| 650 |
_aEducation _94711 |
||
| 942 |
_cBK _k370 _2ddc |
||
| 999 |
_c5342 _d5342 |
||